[Event "18th Aeroflot Open-A 2020"]
[Site "Moscow"]
[Date "2020.02.23"]
[Round "5.6"]
[White "Artemiev, Vladislav"]
[Black "Idani, Pouya"]
[Result "1/2-1/2"]
[WhiteElo "2728"]
[BlackElo "2577"]
[Annotator "TA"]
[PlyCount "151"]
[EventDate "2020.02.19"]
[EventType "swiss"]
[EventCountry "RUS"]
[SourceTitle "playchess.com"]
[Source "ChessBase"]
[SourceQuality "1"]

{[%evp 9,151,14,22,16,43,26,24,17,45,17,12,6,13,10,22,14,26,26,29,35,24,0,64,53,46,53,47,12,90,100,98,102,105,86,88,98,90,72,72,76,72,70,66,72,86,81,102,101,104,84,89,87,91,83,90,62,68,68,65,62,122,104,115,110,93,44,40,47,45,0,0,0,64,19,63,63,64,64,63,63,63,63,56,47,47,47,52,52,52,52,52,52,52,52,52,52,52,52,52,52,52,52,52,52,52,52,52,52,52,52,52,52,52,52,52,52,52,52,52,0,0,0,0,0,0,0,0,0,0,0,0,0,52,52,52,52,52,52,52,52,52,0,0,0]} 1. Nf3 Nf6 2. g3 b5 3. Bg2 Bb7 4. O-O c5 5. Na3 {[%cal Bb1a3,Ba3c4,Bc4e5][%mdl 32]} b4 6. Nc4 {[#] A05: Réti Opening: 1 Nf3 Nf6.} d5 $146 ({Predecessor:} 6... e6 7. b3 d5 8. Nce5 Bd6 9. Bb2 O-O 10. a3 a5 11. axb4 axb4 12. Rxa8 Bxa8 {½-½ (41) Petrosian,T (2606)-Harmon Vellotti,L (2468) chess.com INT 2018}) 7. Nce5 {aiming for Ng5.} Nbd7 8. c4 {White has an edge.} e6 9. d4 {next Ng5 is good for White.} Be7 10. dxc5 Nxc5 11. a3 a5 12. Nd4 O-O 13. Ndc6 Qc7 14. Nxe7+ Qxe7 15. Be3 Rfd8 ({Black should play} 15... bxa3 $11 16. Rxa3 Rfd8) 16. axb4 $14 axb4 17. Rxa8 Bxa8 18. Qd4 Nfe4 (18... Nb3 $11 {keeps the balance.} 19. Qf4 h6) 19. cxd5 $16 exd5 20. Nd3 {[%cal Rd3c5]} Ne6 21. Qxb4 Qxb4 22. Nxb4 d4 23. Bc1 N4c5 24. Rd1 Nb3 25. Bd2 Bxg2 26. Kxg2 h6 27. Nc6 Ra8 28. Bb4 Kh7 29. Ne5 f6 30. Nf3 Rc8 31. Ba3 g5 32. h3 Kg6 33. e3 dxe3 34. Rd3 Rc2 (34... Rb8 $14) 35. Rxe3 Ned4 36. Nxd4 Nxd4 {[%mdl 4096] Endgame KRB-KRN} 37. Bb4 Nf5 38. Rb3 h5 39. Kf1 Rc1+ 40. Kg2 Rc2 41. Ba5 g4 42. Bb6 Nd6 43. Rb4 Nc4 44. Bd4 Kf5 45. b3 Ne5 46. Rb6 Rd2 47. Rd6 gxh3+ 48. Kxh3 Ng4 49. Kg2 $1 Nxf2 {[#] Threatens to win with ...Ne4+.} 50. Rxf6+ Kg5 {Hoping for ...Ng4+.} 51. Be3+ Kxf6 52. Bxd2 $14 {KB-KN} Ne4 53. Be3 Ke5 54. Kf3 Nc3 55. Bg5 Ne4 56. Bh6 Kf5 57. Bf4 Nc3 58. Bc7 Nb5 59. Bb6 Nc3 60. Bd8 Nb5 61. Ke3 $1 Ke5 62. Bg5 Na3 63. Kd3 Kd5 64. Bd8 (64. Be3 $14) 64... Nb5 $11 65. Bf6 Ke6 66. Bb2 Kd5 67. Bc3 Nd6 68. Be1 Nb5 69. Bf2 Nd6 70. Ke3 Ke5 (70... Kc5 $11) 71. b4 Nc4+ 72. Kf3 Nd6 73. Bb6 {[#] And now Bc7 would win.} Nb5 74. Ke3 Kd5 75. Bd8 (75. Kf4 $14 Nc3 76. Bc5) 75... Nd4 76. Ba5 {Accuracy: White = 89%, Black = 87%.} 1/2-1/2

[Event "18th Aeroflot Open-A 2020"]
[Site "Moscow"]
[Date "2020.02.23"]
[Round "5.7"]
[White "Puranik, Abhimanyu"]
[Black "Sjugirov, Sanan"]
[Result "0-1"]
[WhiteElo "2597"]
[BlackElo "2674"]
[Annotator "TA"]
[PlyCount "56"]
[EventDate "2020.02.19"]
[EventType "swiss"]
[EventCountry "RUS"]
[SourceTitle "playchess.com"]
[Source "ChessBase"]
[SourceQuality "1"]

{[%evp 16,56,0,0,3,0,0,0,0,0,11,3,10,-7,-2,-2,-14,-12,0,0,0,-16,0,0,14,0,0,0,0,0,0,0,0,-7,-4,-404,-8,-8,-8,-2,0,-29993,333]} 1. Nf3 d5 2. g3 g6 3. Bg2 Bg7 4. O-O e5 5. d3 Ne7 6. e4 O-O 7. exd5 Nxd5 8. Re1 Nc6 9. Nc3 {Threatening Nxd5.} Nde7 {A07: Réti Opening: New York and Capablanca Systems.} 10. Rb1 a5 11. b3 Nf5 {The position is equal.} 12. Nb5 Re8 13. Bb2 a4 {[#]} 14. bxa4 $146 ({Predecessor:} 14. c4 axb3 15. axb3 Nd6 16. Ra1 Rxa1 17. Bxa1 Nxb5 18. cxb5 Nd4 19. Bxd4 exd4 20. Rxe8+ Qxe8 {½-½ (31) Carlsen,M (2827)-Vidit,S (2702) Douglas 2017}) 14... Rxa4 15. a3 Ra8 16. c4 Nd6 17. Qb3 Bf5 18. Rbd1 Qd7 19. a4 Rad8 20. c5 Be6 21. Qa3 Nc4 $1 {[%cal Rc4a3]} 22. dxc4 Qxd1 23. Nxc7 (23. Rxd1 $2 Rxd1+ 24. Bf1 Bh3 $19) 23... e4 $36 {[%mdl 2048] Black has good play.} 24. Nxe8 (24. Rxd1 $2 Rxd1+ 25. Bf1 Bh3 $19) 24... exf3 25. Bc3 $2 {[%mdl 8192] [#]} (25. Rxd1 $11 Rxd1+ 26. Bf1 Bxc4 27. Qa1 Rxa1 28. Bxa1 Bxf1 29. Bxg7) 25... Rd3 $2 (25... Nd4 $19 {( -> ...Ne2+)} 26. Bf1 (26. Rxd1 $2 {loses.} Ne2+ {[%mdl 64] Double Attack, Discovered Attack} 27. Kf1 Rxd1+ 28. Be1 Bxc4 $19) (26. Nf6+ $2 Bxf6 27. h3 Nc2 $19 {[%mdl 64] Double Attack}) 26... Nc2 27. Nxg7 (27. Rxd1 $2 Rxd1 28. h4 Nxa3 $19) 27... Nxe1 28. Nxe6 Nc2 29. Nxd8 Nxa3 30. Nxb7 Nb1) 26. Rxd1 $11 Rxd1+ 27. Bf1 {aiming for Qb3.} Bxc3 (27... Bxc4 $5 28. Qa1 $8 Rxa1 29. Bxa1 Bxf1 30. Bxg7 Ba6 $11) 28. Qb3 $2 {[%mdl 8192] [#]} ({Wrong is} 28. Qxc3 $2 Nd4 $19) (28. h3 $11 Nd4 29. Nf6+ Kg7 30. Ne8+ Kg8 31. Nf6+ Kg7 32. Ne8+ Kg8) 28... Rxf1+ $1 {[%mdl 33280] Accuracy: White = 81%, Black = 90%. . Loss on time!?} 0-1

[Event "18th Aeroflot Open-A 2020"]
[Site "Moscow"]
[Date "2020.02.23"]
[Round "5.8"]
[White "Sarana, Alexey"]
[Black "Basso, Pier Luigi"]
[Result "1-0"]
[WhiteElo "2656"]
[BlackElo "2600"]
[Annotator "TA"]
[PlyCount "189"]
[EventDate "2020.02.19"]
[EventType "swiss"]
[EventCountry "RUS"]
[SourceTitle "playchess.com"]
[Source "ChessBase"]
[SourceQuality "1"]

{[%evp 13,189,14,18,-14,6,12,41,37,37,31,45,44,48,27,74,76,95,112,114,39,57,32,35,26,28,30,32,33,30,31,33,30,30,31,31,31,54,34,66,35,43,29,42,33,56,42,63,50,58,43,72,55,93,79,83,83,100,28,79,33,33,25,30,33,36,30,28,29,40,33,38,35,37,35,34,36,48,24,24,24,24,24,25,25,25,25,25,25,28,20,17,0,28,28,28,22,22,18,20,18,22,0,28,28,30,38,77,57,58,0,0,0,0,0,0,0,10,16,58,58,58,58,57,56,105,105,107,107,105,105,105,105,105,105,108,108,113,108,113,108,108,101,204,200,204,167,345,337,601,601,1052,1001,1348,1352,1112,412,29980,29981,29981,29972,4694,0,29981,29982,29982,29983,29983,29984,29988,29987,29987,29988,29988,29988,29988,29989,29987,205]} 1. c4 c6 2. e4 d5 3. exd5 cxd5 4. d4 Nf6 5. Nc3 Nc6 6. Bg5 Be6 7. Bxf6 exf6 {is now more promising than 7...gxf6.} 8. c5 {B13: Caro-Kann: Exchange Variation and Panov-Botvinnik Attack.} a6 9. Nge2 {[#]} g6 $146 ({Predecessor:} 9... b6 10. b4 Be7 11. Qa4 b5 12. Qb3 a5 13. Nxb5 axb4 14. Nf4 Qa5 15. Bd3 Rb8 16. Nxd5 {1-0 (40) Yurtaev,L (2485)-Dreev,A (2495) Frunze 1988}) 10. g3 {White is slightly better.} Bg7 11. Bg2 O-O 12. O-O f5 13. Qa4 f4 14. Nxf4 Bxd4 15. Ncxd5 Bxd5 16. Bxd5 (16. Nxd5 $16 {And now Nb6 would win.} Bxc5 17. Rfd1) 16... Qf6 $14 17. Bxc6 bxc6 18. Rad1 Rfd8 19. b4 a5 20. bxa5 Bxc5 21. Rxd8+ Qxd8 22. Qxc6 Qxa5 23. Rc1 Bf8 24. Rc2 Rd8 25. Re2 Qf5 26. Qc2 (26. Kg2 {looks sharper.} Bh6 27. Re4 Bf8 28. a4 Rc8 29. Qd5) 26... Qa5 27. Nd3 Bg7 28. Ne1 Qd5 29. Qb3 Qd6 30. Nf3 Rb8 31. Qa4 Qd8 32. Qe4 Bf6 33. Kg2 Ra8 34. Rc2 Kg7 35. Qc6 (35. Rc7 $16) 35... Ra7 (35... Ra3 $11) 36. Nd2 Qd4 37. Qc4 Qd7 38. Qb3 Qd4 39. Qe3 Qa4 40. Qd3 Rd7 41. Qc4 Qa8+ 42. Qe4 Qa6 43. h4 Re7 44. Qf3 Qa4 45. Nb3 h5 46. Re2 Rc7 47. Qd5 Qa6 48. Rd2 Qa7 49. Kh2 Re7 50. Rc2 Re5 51. Qc6 Re6 52. Qc4 Re1 53. Re2 Rd1 54. Qc2 Rd7 55. Qe4 Re7 56. Qf3 Rc7 57. Rd2 Rc3 58. Qe4 Qa6 59. Rc2 Qc8 60. Rxc3 Qxc3 61. Kg2 (61. Qf4 $14) 61... Qb2 $11 62. Qa4 Qc2 63. Qa5 Qe4+ 64. Kg1 Qb1+ 65. Kh2 Qc2 66. Qd2 Qc4 67. Nc1 Be5 68. Kg1 Bd4 {Black is now going downhill.} 69. Nd3 Bf6 70. Nf4 Bd4 71. Qe2 Qc3 {With the idea ...Qxg3+.} 72. Kh2 Qc5 73. Nd3 Qc6 74. Ne1 Qc5 75. Kg2 Bf6 76. Nf3 Qc6 77. Qd3 g5 (77... Qa4 $16) 78. hxg5 $18 Bxg5 {[#]} 79. a4 $1 {[%cal Ba2a4,Ba4a5,Ba5a6][%mdl 544] a5 is the strong threat.} Bf6 $2 {[#]} (79... Qa8 80. Qb5 Bd8) (79... Qxa4 80. Nxg5) 80. a5 $1 Qa4 $2 (80... h4 81. gxh4 Bxh4) 81. a6 h4 82. Nxh4 Bxh4 83. gxh4 {[%mdl 4096] Endgame KQ-KQ} f5 84. Qg3+ (84. Qd6 $142) 84... Kh7 (84... Kf7 $18 85. Qc7+ Kf6) 85. Qc7+ Kh6 86. Qd6+ Kh7 87. Qc7+ (87. Qe7+ $18 Kh6 88. Qe3+ f4 89. Qb6+ Kh5 90. a7 f3+ {[%mdl 64] Decoy} 91. Kxf3 Qd1+ 92. Ke4 Qe2+ 93. Qe3 Qc4+ 94. Ke5 Qc7+ 95. Ke6) 87... Kh6 $1 88. a7 {White mates.} Qe4+ 89. Kh2 Qxh4+ 90. Kg1 Qg5+ 91. Qg3 Qc1+ 92. Kh2 Qc8 93. Qh3+ Kg5 94. Qg2+ Kf4 95. Qg3+ {Accuracy: White = 89%, Black = 71%.} 1-0

[Event "18th Aeroflot Open-A 2020"]
[Site "Moscow"]
[Date "2020.02.23"]
[Round "5.9"]
[White "Sargsyan, Shant"]
[Black "Jumabayev, Rinat"]
[Result "0-1"]
[WhiteElo "2594"]
[BlackElo "2646"]
[Annotator "TA"]
[PlyCount "141"]
[EventDate "2020.02.19"]
[EventType "swiss"]
[EventCountry "RUS"]
[SourceTitle "playchess.com"]
[Source "ChessBase"]
[SourceQuality "1"]

{[%evp 19,141,-6,16,0,18,24,27,22,12,16,12,18,20,-12,-15,-18,-13,-15,-6,-42,-33,-51,-43,-70,-67,-67,-22,-48,-35,-36,-24,-37,-27,-29,-27,-27,-17,-41,-29,-96,-112,-146,-145,-150,-110,-101,-108,-119,-167,-152,0,0,-6,-27,0,-50,0,-155,-18,-8,-8,-13,-10,-6,-6,-16,-10,-122,-120,-122,-112,-119,-119,-123,-138,-226,-229,-243,-229,-385,-324,-335,-93,-308,-283,-329,-333,-331,-319,-211,-209,-1242,-1242,-1242,0,0,0,-1242,-1242,-1242,-1098,-1242,-1242,-1242,-1242,-1242,-1242,-1235,-1228,-1220,-1213,-1213,-1206,-1199,-1191,-1184,-1177,-1170,-1170,-1140,-1066,-714,-615,-414]} 1. Nf3 d6 2. d4 f5 3. g3 Nf6 4. Bg2 g6 5. O-O Bg7 6. c4 O-O 7. Nc3 c6 8. d5 e5 9. dxe6 Bxe6 10. Qd3 Nbd7 11. Bf4 {A88: Dutch Defence: Leningrad System: 5 Nf3 0-0 6 0-0 d6 7 Nc3 c6.} d5 12. Ng5 Nc5 {[#]} 13. Qd1 $146 {Strongly threatening Na4.White has an edge.} ({Predecessor:} 13. Nxe6 Nxd3 14. Nxd8 Nxf4 15. gxf4 Rfxd8 16. cxd5 cxd5 17. Nb5 Ne4 18. Rfd1 Rac8 19. Nd4 Rd6 20. e3 {0-1 (46) Sroczynski,M (2267)-Stopa,J (2521) Wroclaw 2014}) 13... d4 14. Na4 Nfd7 15. b4 h6 16. Nxe6 Nxe6 17. Bd6 Re8 18. c5 Nf6 19. Be5 Ne4 20. Bxg7 Kxg7 21. Qc2 Qf6 22. Rad1 Rad8 23. Rd3 h5 24. Nb2 {[#]} a5 $1 {[%mdl 512]} 25. a3 (25. bxa5 N6xc5) 25... axb4 26. axb4 Nc7 27. Nc4 Nb5 28. e3 h4 29. f3 (29. Re1 $11) 29... Nec3 $17 {Threatens to win with ...dxe3.} 30. e4 hxg3 31. hxg3 Qe6 32. Na5 Re7 33. Re1 fxe4 34. fxe4 Rf8 $2 (34... Rf7 $17 35. Qd2 Rh8) 35. Nb3 $1 $11 Qf6 36. Qd2 {[%cal Rb3d4]} Rd8 (36... Nxe4 $5 37. Qf4 Rfe8 $15) 37. Qf4 Qe6 38. Nd2 $2 (38. e5 $11) 38... Nd5 (38... Na3 $1 $17 {[%cal Ra3c2] aiming for ...Nc2.} 39. Qg5 Qe5 40. Qxe5+ Rxe5) 39. Qg5 $1 Rh8 $36 {[%cal Bd8h8,Bh8h5,Bh5e5][%mdl 2080] And now ...Rh5 would win. Black has good play.} 40. Nf3 Nxb4 41. Nxd4 Nxd4 42. Rxd4 {Rd6 is the strong threat.} Rh5 43. Qf4 {[#]} (43. Qd2 $11 {keeps the balance.} Na6 44. Bf3) 43... Nd5 $1 $17 {[%cal Rd5f4]} 44. Qd6 {[#]} Qe5 $1 {[%cal Re5d4]} 45. Qxe5+ Rhxe5 46. Rc1 Nf6 47. Rb4 (47. Kf2 $17 {was called for.}) 47... Nxe4 $19 48. Bxe4 Rxe4 49. Rxe4 $2 (49. Rb2) 49... Rxe4 {[%mdl 4096] Endgame KR-KR} 50. Rb1 Re7 $2 (50... Rc4 $19 {is more deadly.} 51. Rxb7+ Kf6) 51. Kf2 $2 (51. Kg2 $17) 51... Kf6 52. Kf3 Kf5 53. Rb4 Rd7 54. Ke3 Rd5 55. Rxb7 $2 (55. Rf4+ Kg5 56. Rc4) 55... Kg4 56. Kf2 Rd2+ $2 ({Black should play} 56... g5 $19 57. Rb4+ Kh3) 57. Ke3 $11 Rd5 $2 {[%mdl 8192]} (57... Rc2 $11) 58. Kf2 $1 $19 g5 {Black is clearly winning.} 59. Rb2 Kh3 60. Rc2 g4 61. Rc1 Rf5+ 62. Kg1 Kxg3 63. Rc2 Rd5 {[%cal Rd5d1]} 64. Rc3+ Kf4 65. Kf2 Rd2+ 66. Ke1 Rd4 67. Ke2 Ke4 68. Rc1 Kd5 69. Ke3 {[#]} Rc4 $1 70. Rh1 Rxc5 71. Rh5+ {Accuracy: White = 63%, Black = 80%.} 0-1

[Event "18th Aeroflot Open-A 2020"]
[Site "Moscow"]
[Date "2020.02.23"]
[Round "5.10"]
[White "Rakhmanov, Aleksandr"]
[Black "Vaibhav, Suri"]
[Result "1/2-1/2"]
[WhiteElo "2645"]
[BlackElo "2591"]
[Annotator "TA"]
[PlyCount "44"]
[EventDate "2020.02.19"]
[EventType "swiss"]
[EventCountry "RUS"]
[SourceTitle "playchess.com"]
[Source "ChessBase"]
[SourceQuality "1"]

{[%evp 14,44,8,13,12,-2,0,-18,-5,-40,3,3,3,0,-4,-36,-15,-21,-2,-11,-4,-5,-7,-27,-15,-28,-26,-28,0,0,0,0,0]} 1. Nf3 d5 2. e3 Nf6 3. c4 e6 4. b3 c5 5. Bb2 Nc6 6. cxd5 exd5 7. Bb5 Bd6 8. O-O O-O {A13: English Opening: 1...e6.} 9. h3 {[#]} Na5 $146 ({Predecessor:} 9... Re8 10. d4 cxd4 11. Nxd4 Bc7 12. Nd2 Qd6 13. N2f3 Bd7 14. Be2 a6 15. Nc2 Ne4 16. Bd3 {½-½ (36) Karjakin,S (2748)-So,W (2763) Riga 2019}) 10. Be2 Re8 11. d3 d4 12. exd4 cxd4 13. Bxd4 Nc6 14. Bxf6 Qxf6 ({Of course not} 14... gxf6 $6 15. d4 $14) 15. Nbd2 Bf5 16. Ne4 Bxe4 17. dxe4 Rxe4 18. Bb5 Nd4 19. Nxd4 Rxd4 20. Qe2 Rd8 {[#] White must now prevent ...a6.} 21. Rad1 Bc5 {Strongly threatening ...Rxd1.} 22. Rxd4 Bxd4 {An uneventful encounter. Accuracy: White = 90%, Black = 79%.} 1/2-1/2

[Event "18th Aeroflot Open-A 2020"]
[Site "Moscow"]
[Date "2020.02.23"]
[Round "5.11"]
[White "Shimanov, Aleksandr"]
[Black "Abdusattorov, Nodirbek"]
[Result "1/2-1/2"]
[WhiteElo "2587"]
[BlackElo "2644"]
[Annotator "TA"]
[PlyCount "112"]
[EventDate "2020.02.19"]
[EventType "swiss"]
[EventCountry "RUS"]
[SourceTitle "playchess.com"]
[Source "ChessBase"]
[SourceQuality "1"]

{[%evp 18,112,11,0,0,-20,19,27,33,32,25,25,32,-16,-36,-58,-50,-78,-66,-94,-80,-79,-78,-93,-43,-42,-46,-94,-97,-139,-106,-102,0,0,0,0,0,0,0,0,0,0,0,0,0,0,0,0,0,-16,-16,-16,-16,-16,-16,-16,-16,-16,-8,-8,-8,-8,-8,-8,-8,-8,0,-8,0,-8,0,0,0,-8,0,0,0,0,0,0,0,0,0,0,0,0,0,0,0,0,0,0,0,0,0,0,0]} 1. c4 e6 2. Nc3 d5 3. d4 c5 4. e3 Nf6 5. Nf3 Nc6 6. a3 dxc4 7. Bxc4 a6 8. O-O b5 9. Ba2 Bb7 10. d5 exd5 {D40: Queen's Gambit Declined: Semi-Tarrasch with 5 e3.} 11. Nxd5 Be7 12. e4 O-O {White has an edge.} 13. Bf4 c4 14. Re1 Rc8 {[#]} 15. Nxe7+ $146 ({Predecessor:} 15. Qd2 Nxd5 16. exd5 Nb8 17. Rad1 Bf6 18. Bb1 g6 19. Ne5 Nd7 20. Nc6 Bxc6 21. dxc6 {0-1 (53) Kozionov,K (2458)-Vorobiov,E (2566) Moscow 2019}) 15... Nxe7 16. Qc2 Ng6 17. Rad1 {[#]} Qb6 $1 18. Bg5 Rfe8 {[%cal Re8e4]} 19. Bxf6 Qxf6 20. Bb1 Rcd8 21. Rxd8 Rxd8 22. Qc3 Nf4 23. Qxf6 gxf6 24. Kf1 {[#]} Nd3 (24... f5 $1 $17 {[%mdl 512]} 25. Bc2 (25. exf5 Bxf3) 25... Kg7) 25. Rd1 $11 {The position is equal.} Bxe4 26. Ne1 $1 Kg7 27. Bxd3 cxd3 {[%mdl 4096] Endgame KRB-KRN} 28. f3 Bg6 {Threatens to win with ...d2.} 29. Rd2 Kh6 30. Kf2 {[#]} b4 $1 {[%mdl 512]} 31. axb4 Rd4 32. g3 Rxb4 33. Nxd3 (33. Ng2 {with more complications.} a5 34. h4 Bf5 35. Nf4 Kg7 36. Nh5+) 33... Bxd3 34. Rxd3 Rxb2+ {KR-KR} 35. Ke3 a5 36. Rd5 a4 37. Ra5 Rb4 38. g4 Kg7 39. Ra6 f5 40. gxf5 Rh4 41. h3 Rb4 42. Kd3 Rf4 43. Ke3 Rc4 44. Kd3 Rb4 45. Ke3 h6 46. Kf2 h5 47. Ke3 Rb3+ 48. Kf4 a3 49. Kg5 Rxf3 50. f6+ Kh7 51. h4 Rb3 52. Kxh5 Rb5+ 53. Kg4 Rb4+ 54. Kg5 Rb5+ 55. Kg4 Rb4+ 56. Kg5 Rb5+ {Accuracy: White = 90%, Black = 92%.} 1/2-1/2

[Event "18th Aeroflot Open-A 2020"]
[Site "Moscow"]
[Date "2020.02.23"]
[Round "5.12"]
[White "Savchenko, Boris"]
[Black "Narayanan.S.L"]
[Result "1-0"]
[WhiteElo "2573"]
[BlackElo "2637"]
[Annotator "TA"]
[PlyCount "119"]
[EventDate "2020.02.19"]
[EventType "swiss"]
[EventCountry "RUS"]
[SourceTitle "playchess.com"]
[Source "ChessBase"]
[SourceQuality "1"]

{[%evp 24,119,18,18,12,15,11,0,7,5,0,0,30,-2,0,0,0,0,0,-1,2,7,88,79,70,0,0,0,20,21,25,20,50,0,0,0,16,34,81,85,83,69,86,72,79,44,137,131,170,116,110,112,108,118,98,123,425,425,364,39,38,16,49,0,0,0,0,0,0,0,855,843,833,831,763,577,1130,1031,1710,1692,1414,1700,1692,1620,1333,1246,1000,925,29973,29973,29975,29976,29976,29978,29979,29980,29981,29982]} 1. e4 c5 2. Nf3 d6 3. d4 cxd4 4. Nxd4 Nf6 5. Nc3 a6 6. f3 e5 7. Nb3 Be6 8. Be3 Be7 9. Qd2 O-O 10. O-O-O Nbd7 11. g4 b5 12. g5 Nh5 13. Nd5 Bxd5 $1 {B90: Sicilian Najdorf: Unusual White 6th moves, 6 Be3 Ng4 and 6 Be3 e5.} 14. exd5 f6 {[%cal Rf6g5] 14...f6 scores better than 14...f5.} 15. gxf6 Bxf6 {The position is equal.} 16. Kb1 {[#]} Kh8 $146 ({Predecessor:} 16... Nf4 17. Na5 Nb6 18. Nc6 Qc7 19. Bxf4 exf4 20. c3 Rae8 21. Rg1 Re3 22. Rg4 Rxf3 {½-½ (88) So,W (2776)-Wojtaszek,R (2727) Batumi 2018}) 17. Na5 Nf4 18. Nc6 Qe8 19. Rg1 Qh5 20. Bxf4 exf4 21. Qxf4 Be5 22. Qb4 Qxh2 (22... Qxf3 $11 {keeps the balance.} 23. Bd3 Qf4) 23. Bd3 $1 $16 Qf4 24. Qa5 (24. Be4 $14) 24... Nc5 $11 25. Bg6 Qf6 ({But not} 25... hxg6 $2 26. Ne7 $18) ({Avoid the trap} 25... Qxf3 $2 26. Nxe5 dxe5 27. Bxh7 $1 $18 {[%mdl 512]}) 26. Nxe5 dxe5 27. Be4 $36 {[%mdl 2048] Black is under pressure.} Rad8 28. Qc7 Rc8 29. Qa5 Nxe4 30. fxe4 {d6 is the strong threat.} Qf2 31. c3 $1 ({Reject} 31. Qxa6 $6 Qxc2+ 32. Ka1 Ra8 $11) 31... Rf6 32. Qb4 Rf7 33. Qd6 (33. Qa3 {is interesting.} Qb6 34. Rgf1 Rxf1 35. Rxf1 Rg8 36. Qf8) 33... Qf6 34. Qxf6 gxf6 $16 {[%mdl 4096] Endgame KRR-KRR} (34... Rxf6 $14 35. Rg5 Re8) 35. Kc2 Rc4 36. Rg4 ({White should try} 36. Rg2 $18) 36... f5 37. Rg5 Rxe4 38. d6 $1 {[%cal Rd6d7] Black must now prevent d7.} Rd7 39. Rxf5 Kg7 $2 {[%mdl 8192]} (39... h6 $16 {is a better chance.} 40. Rd2 Kh7) 40. Rg1+ $18 Kh6 41. Rf2 $2 (41. Rf6+ $18 Kh5 42. Re6 Re2+ 43. Kc1) 41... Kh5 $1 $14 42. Rh2+ Rh4 43. Rxh4+ (43. Rd2 {keeps more tension.} Rg4 44. Re1 e4 45. c4 bxc4 46. Kc3) 43... Kxh4 {KR-KR} 44. Rd1 Kg4 45. b3 {[%cal Bb2b3,Bb3c4,Bc4c5,Bc5c6,Bc6c7][%mdl 32] With the idea c4.} Kf5 46. c4 bxc4 $2 {[%mdl 8192]} (46... Ke6 $11) 47. bxc4 $18 Ke6 48. c5 h5 49. Kc3 h4 50. Kb4 $1 {[%cal Rb4a5]} h3 51. c6 $1 {[%cal Rc6c7] Threatening mate with c7.} Rxd6 52. Rc1 $1 Rd8 53. c7 Rc8 {[#]} 54. Ka5 $1 h2 {[#]} 55. Kb6 $1 e4 56. Rh1 {White mates.} e3 57. Rxh2 Kd6 58. Rc2 a5 59. Kb7 Kd7 60. a4 {Accuracy: White = 80%, Black = 67%.} 1-0

[Event "18th Aeroflot Open-A 2020"]
[Site "Moscow"]
[Date "2020.02.23"]
[Round "5.13"]
[White "Aravindh, Chithambaram VR."]
[Black "Sanal, Vahap"]
[Result "1-0"]
[WhiteElo "2630"]
[BlackElo "2569"]
[Annotator "TA"]
[PlyCount "81"]
[EventDate "2020.02.19"]
[EventType "swiss"]
[EventCountry "RUS"]
[SourceTitle "playchess.com"]
[Source "ChessBase"]
[SourceQuality "1"]

{[%evp 13,81,18,19,14,18,13,32,0,9,-11,31,23,24,43,50,53,52,49,39,43,44,28,37,0,20,26,64,63,52,80,102,87,99,101,108,101,102,102,88,93,82,96,101,97,97,118,258,176,241,247,247,233,259,135,247,250,258,256,309,297,355,327,322,290,519,489,803,789,785,766]} 1. d4 d5 2. c4 c6 3. Nf3 Nf6 4. Nc3 e6 5. Qd3 dxc4 6. Qxc4 b5 7. Qd3 Be7 8. g3 {D43: Semi-Slav: 5 Bg5 h6.} Bb7 9. Bg2 Nbd7 {[#]} 10. Be3 $1 $146 {[%mdl 8] White is slightly better. An important novelty.} ({Predecessor:} 10. Bf4 b4 11. Ne4 Nxe4 12. Qxe4 Nf6 13. Qc2 c5 14. dxc5 Rc8 15. O-O Bxc5 16. Qa4+ {0-1 (73) Galaktionov,A (2332)-Popov,I (2581) Moscow 2019}) 10... a6 11. a4 b4 12. Ne4 Nxe4 13. Qxe4 Nf6 14. Qd3 Nd5 15. O-O O-O 16. Rfc1 a5 17. Ne5 Rc8 18. Qb3 Rc7 19. f4 Qc8 20. Rc2 $1 c5 21. Rac1 $1 {[%cal Rd4c5]} cxd4 {[#] Threatens to win with ...Rxc2.} 22. Rxc7 Nxc7 23. Bxd4 Bxg2 24. Kxg2 Qb7+ 25. Qf3 Nd5 {[%cal Bc7d5,Bd5b6,Bb6c4][%mdl 32]} 26. e4 Nb6 27. Nc6 Rc8 28. Nxe7+ Qxe7 29. Qe3 $36 {[%mdl 2048] Black is under strong pressure.} Nc4 {Black cannot hold the game after this.} (29... Rxc1 $16 {was necessary.} 30. Qxc1 Nxa4) 30. Qd3 Nd6 (30... e5 $142) 31. Rxc8+ $18 Nxc8 {[#]} 32. Qb5 $1 Qd6 33. Qe8+ Qf8 34. Qd7 h6 35. Kf3 Kh7 36. b3 Kg6 37. Ke3 Kh7 38. Kd3 Qg8 $2 (38... Kg6 39. Qc7 f5 40. Qxa5 Nd6 41. Qxb4 fxe4+ 42. Ke2 Qc8) 39. Kc4 {White is clearly winning.} Qf8 (39... Kg6 $142 40. Kb5 Kh5) 40. Bc5 Qg8 41. Kb5 {Accuracy: White = 94%, Black = 65%.} 1-0

[Event "18th Aeroflot Open-A 2020"]
[Site "Moscow"]
[Date "2020.02.23"]
[Round "5.14"]
[White "Suleymanli, Aydin"]
[Black "Martirosyan, Haik M."]
[Result "1/2-1/2"]
[WhiteElo "2474"]
[BlackElo "2630"]
[Annotator "TA"]
[PlyCount "69"]
[EventDate "2020.02.19"]
[EventType "swiss"]
[EventCountry "RUS"]
[SourceTitle "playchess.com"]
[Source "ChessBase"]
[SourceQuality "1"]

{[%evp 13,69,50,67,37,46,32,44,47,64,33,53,36,35,41,66,54,67,88,95,94,174,138,144,166,142,147,150,156,166,163,196,196,275,143,122,139,157,157,164,157,175,189,171,34,22,14,22,22,25,12,18,12,10,13,25,15,16,9]} 1. d4 Nf6 2. c4 e6 3. Nc3 Bb4 4. Qc2 c5 5. dxc5 Bxc5 6. Nf3 Qb6 7. e3 Be7 8. g4 {E38: Nimzo-Indian: Classical: 4...c5.} h6 9. Rg1 Nc6 {[#]} 10. h4 $146 {White is slightly better.} ({Predecessor:} 10. a3 d6 11. h4 Nd7 12. g5 Nde5 13. Nd2 h5 14. b4 a5 15. b5 Nb8 16. Bb2 {½-½ (34) Wirig,A (2490)-Levin,F (2504) Germany 2014}) 10... h5 11. gxh5 Nxh5 12. Bd2 d6 13. Be2 Bd7 14. a3 O-O-O 15. b4 {[%cal Bb2b4,Bb4b5][%mdl 32]} Kb8 16. b5 Na5 (16... Ne5 $16) 17. Na4 Qc7 {next ...Bxb5! is good for Black.} 18. Rb1 Nf6 19. b6 axb6 20. Nxb6 Nc6 21. Rg5 {[#] And now Qa4 would win.} d5 22. cxd5 Nxd5 23. Nxd5 (23. Rxd5 $18 exd5 24. Nxd5) 23... exd5 $16 24. Rxd5 Bxh4 25. Nxh4 Rxh4 26. Bf3 {Threatens to win with Rdb5.} Rh6 27. Rdb5 Bc8 28. Ba5 ({White should play} 28. Bc3 $18) 28... Nxa5 $14 29. Qxc7+ Kxc7 30. Rxa5 Rf6 31. Ke2 Kb8 32. Rab5 {[%cal Rf3b7]} Rd7 $1 33. a4 Rc7 34. Be4 Ka7 35. Ke1 {Blacks defense is rewarded with a draw. Accuracy: White = 75%, Black = 93%.} 1/2-1/2